[Event "MCRE_PF18"]
[Site "?"]
[Date "2004.??.??"]
[Round "?"]
[White "Glembek, Bohumir"]
[Black "Houska, Jiri"]
[Result "1/2-1/2"]
[WhiteElo "2120"]
[BlackElo "2200"]
[PlyCount "94"]
[EventDate "2004.??.??"]
[EventType "corr"]
[EventRounds "2"]
[SourceDate "2005.03.12"]

1. e4 e6 2. d4 d5 3. Nd2 c5 4. exd5 Qxd5 5. Ngf3 cxd4 6. Bc4 Qd6 7. Qe2 Nf6 8.
Nb3 Nc6 9. Bg5 a6 10. O-O-O b5 11. Bd3 Be7 12. Nfxd4 Nxd4 13. Nxd4 Qd5 14. Bxf6
Bxf6 15. Kb1 Qc5 16. Nf5 O-O 17. Nd6 Qe5 18. Qxe5 Bxe5 19. Be4 Rb8 20. Nxc8
Rfxc8 21. Rd7 Rc7 22. Rhd1 Rxd7 23. Rxd7 Bxh2 24. Kc1 h5 25. Kd2 g5 26. Ke2 Be5
27. c3 b4 28. Rb7 Rxb7 29. Bxb7 bxc3 30. bxc3 Bxc3 31. Bxa6 h4 32. f3 Kg7 33.
Kd3 Ba5 34. Ke4 f5+ 35. Ke5 Kf7 36. Bc4 Bc7+ 37. Kd4 Kf6 38. a4 Bb6+ 39. Kd3
Ke5 40. Ke2 g4 41. fxg4 fxg4 42. Bb5 Kf4 43. Bd7 e5 44. Be6 Kg3 45. Kd3 Kf4 46.
Ke2 e4 47. Bd7 Kg3 1/2-1/2

[Event "MCRE_PF18"]
[Site "?"]
[Date "2004.??.??"]
[Round "?"]
[White "Glembek, Bohumir"]
[Black "Koci, Vladimir"]
[Result "0-1"]
[WhiteElo "2120"]
[BlackElo "2270"]
[PlyCount "90"]
[EventDate "2004.??.??"]
[EventType "corr"]
[EventRounds "2"]
[SourceDate "2005.03.12"]

1. d4 g6 2. c4 Bg7 3. Nc3 e6 4. e4 Ne7 5. f4 d5 6. e5 Nbc6 7. c5 O-O 8. Nf3 Nf5
9. Bd3 Ncxd4 10. Nxd4 Nxd4 11. Bxg6 hxg6 12. Qxd4 Qh4+ 13. g3 Qh5 14. Be3 b6
15. Qd1 Qxd1+ 16. Rxd1 Bb7 17. O-O f6 18. exf6 Bxf6 19. Rd2 Ba6 20. Rfd1 Bc4
21. Rc1 Rfd8 22. b3 Ba6 23. h4 d4 24. Ne4 dxe3 25. Nxf6+ Kg7 26. Rxd8 Rxd8 27.
Ng4 e2 28. Re1 Rd2 29. Ne5 Rxa2 30. cxb6 axb6 31. Kf2 Rd2 32. Ke3 Rd8 33. Nc4
b5 34. Na5 b4 35. Nc4 Bxc4 36. bxc4 c5 37. Kxe2 Rd4 38. Rc1 Kf6 39. Ke3 e5 40.
fxe5+ Kxe5 41. Rc2 Kf5 42. Ke2 Kg4 43. Rc1 Kxg3 44. Rg1+ Kxh4 45. Rxg6 Rxc4 0-1

[Event "MCRE_PF18"]
[Site "?"]
[Date "2004.??.??"]
[Round "?"]
[White "Glembek, Bohumir"]
[Black "Kohler, Josef"]
[Result "1-0"]
[WhiteElo "2253"]
[BlackElo "2120"]
[PlyCount "77"]
[EventDate "2004.??.??"]
[EventType "corr"]
[EventRounds "2"]
[SourceDate "2005.03.12"]

1. d4 Nf6 2. c4 e6 3. Nc3 Bb4 4. e3 O-O 5. Bd3 c5 6. d5 b5 7. dxe6 bxc4 8.
exf7+ Kh8 9. Bxc4 d5 10. Bd3 Nc6 11. Nge2 d4 12. a3 dxc3 13. axb4 Nxb4 14. Nf4
Bg4 15. f3 Nh5 16. Be4 Qh4+ 17. Kf1 Rad8 18. Qe1 Qxe1+ 19. Kxe1 Nxf4 20. exf4
Rd4 21. Rxa7 Rxe4+ 22. fxe4 Nd3+ 23. Kf1 cxb2 24. Bxb2 Nxb2 25. Kf2 g5 26. f5
Kg7 27. Kg3 Bh5 28. h4 Nd3 29. hxg5 Bxf7 30. Rh6 Kg8 31. Rc6 c4 32. Re7 Nb4 33.
Rb6 Na2 34. g6 hxg6 35. fxg6 c3 36. gxf7+ Rxf7 37. Rxf7 Kxf7 38. Rc6 Ke7 39.
Kf3 1-0

[Event "MCRE_PF18"]
[Site "?"]
[Date "2004.??.??"]
[Round "?"]
[White "Glembek, Bohumir"]
[Black "Splichal, Josef"]
[Result "1-0"]
[WhiteElo "2120"]
[BlackElo "2279"]
[PlyCount "93"]
[EventDate "2004.??.??"]
[EventType "corr"]
[EventRounds "2"]
[SourceDate "2005.03.12"]

1. d4 Nf6 2. c4 c5 3. d5 e6 4. Nc3 exd5 5. cxd5 d6 6. e4 g6 7. f4 Bg7 8. Bb5+
Nfd7 9. Be2 O-O 10. Nf3 Re8 11. O-O Na6 12. Kh1 Nc7 13. a4 Bxc3 14. bxc3 Nf6
15. e5 Nfxd5 16. Qb3 Ne7 17. Rd1 d5 18. c4 d4 19. Ng5 Bf5 20. Qxb7 Qc8 21. Qf3
Ne6 22. Ne4 Bxe4 23. Qxe4 Rb8 24. Bd3 Qd7 25. Qf3 Nc7 26. Ba3 Na6 27. Be4 Nb4
28. a5 Qe6 29. Bd5 Qa6 30. Kg1 Nc2 31. Bxc5 Nxd5 32. cxd5 Nxa1 33. Rxa1 d3 34.
d6 Rec8 35. Be3 Rb4 36. Bd2 Rb2 37. Rd1 Qc4 38. h3 a6 39. Kh2 Qb5 40. Be3 Qxa5
41. Rxd3 Qb5 42. Bd2 Rd8 43. Qe4 Qb7 44. Qd4 Rc2 45. f5 Qd7 46. Bh6 Qc6 47. Rg3
1-0

[Event "MCRE_PF18"]
[Site "?"]
[Date "2004.??.??"]
[Round "?"]
[White "Glembek, Bohumir"]
[Black "Thoma, Otomar"]
[Result "1-0"]
[WhiteElo "2120"]
[BlackElo "2273"]
[PlyCount "127"]
[EventDate "2004.??.??"]
[EventType "corr"]
[EventRounds "2"]
[SourceDate "2005.03.12"]

1. d4 Nf6 2. c4 e6 3. Nc3 Bb4 4. e3 O-O 5. Bd3 c5 6. Nge2 Nc6 7. O-O cxd4 8.
exd4 d5 9. cxd5 Nxd5 10. Nxd5 Qxd5 11. Be3 Rd8 12. a3 Be7 13. Rc1 Bd7 14. Nc3
Qa5 15. Re1 Rac8 16. d5 Ne5 17. Bxh7+ Kxh7 18. Qh5+ Kg8 19. Qxe5 Bf6 20. Qg3
Re8 21. Bg5 Bxg5 22. Qxg5 exd5 23. b4 Qa6 24. Rxe8+ Rxe8 25. Nxd5 Qd6 26. Ne3
Qd3 27. h3 Qxa3 28. Rc7 Be6 29. Rxb7 Qa1+ 30. Kh2 Qd4 31. Kg3 a6 32. Qf4 Qd8
33. Kh2 Qd2 34. Ra7 Qe2 35. Nf5 Bxf5 36. Qxf5 Qc4 37. Rb7 Kf8 38. f3 Re7 39.
Rb8+ Re8 40. Qe5 Rxb8 41. Qxb8+ Ke7 42. Kg3 Kd7 43. h4 g6 44. Qf4 Qd5 45. Kh3
Kd8 46. g4 Qb5 47. Kg3 Ke7 48. Qe3+ Kd7 49. Qc3 Ke6 50. Kf2 f6 51. Qc5 Qb8 52.
Qc4+ Ke7 53. f4 Kf8 54. Qd4 Kf7 55. h5 gxh5 56. gxh5 Qb5 57. Qa7+ Ke6 58. Qc5
Qd7 59. Qc2 Qd4+ 60. Kf3 Qa1 61. Qb3+ Ke7 62. Qd3 a5 63. bxa5 Qxa5 64. Kg4 1-0

[Event "MCRE_PF18"]
[Site "?"]
[Date "2004.??.??"]
[Round "?"]
[White "Glembek, Bohumir"]
[Black "Toman, Antonin"]
[Result "0-1"]
[WhiteElo "2120"]
[BlackElo "2199"]
[PlyCount "128"]
[EventDate "2004.??.??"]
[EventType "corr"]
[EventRounds "2"]
[SourceDate "2005.03.12"]

1. d4 d5 2. c4 Nc6 3. e3 e5 4. cxd5 Qxd5 5. Nc3 Bb4 6. Bd2 Bxc3 7. bxc3 Nf6 8.
Nf3 Bg4 9. h3 Bh5 10. Be2 Rd8 11. g4 Bg6 12. Qb3 exd4 13. Qxd5 Nxd5 14. exd4
O-O 15. O-O-O f6 16. Rde1 Nb6 17. Rhg1 Bf7 18. Kb2 Na5 19. h4 Nac4+ 20. Kc2 Rd5
21. Bf4 Rb5 22. Bc1 Ra5 23. a3 Nxa3+ 24. Bxa3 Rxa3 25. Ra1 Rxa1 26. Rxa1 a6 27.
Nd2 Re8 28. Bd3 Bg6 29. Bxg6 hxg6 30. f3 Nd5 31. Ne4 f5 32. Ng5 Re2+ 33. Kd3
Nf4+ 34. Kc4 Re3 35. Rb1 b6 36. Ra1 a5 37. Kb5 Ne2 38. Kc6 Rxc3+ 39. Kb7 Nc1
40. Ne6 Nb3 41. Re1 f4 42. Nxc7 Rxf3 43. d5 Re3 44. Rf1 f3 45. d6 Rd3 46. Kc6
a4 47. Ne6 Nd2 48. Rc1 f2 49. Nf4 Rd4 50. d7 Rxd7 51. Kxd7 f1=Q 52. Rxf1 Nxf1
53. Nd3 g5 54. hxg5 a3 55. Nc1 Kf7 56. Kc6 Kg6 57. Kxb6 Kxg5 58. Kc5 Kxg4 59.
Kb4 Kf4 60. Kxa3 Ke3 61. Kb2 g5 62. Kc3 g4 63. Nd3 Ng3 64. Kc2 Nf5 0-1

[Event "MCRE_PF18"]
[Site "?"]
[Date "2004.??.??"]
[Round "?"]
[White "Glembek, Bohumir"]
[Black "Zahour, Jiri"]
[Result "0-1"]
[WhiteElo "2120"]
[BlackElo "2212"]
[PlyCount "108"]
[EventDate "2004.??.??"]
[EventType "corr"]
[EventRounds "2"]
[SourceDate "2005.03.12"]

1. d4 d5 2. c4 c6 3. cxd5 cxd5 4. Nc3 Nf6 5. Bg5 Ne4 6. Nxe4 dxe4 7. Rc1 Be6 8.
Qa4+ Bd7 9. Qc2 Bc6 10. Qd2 f6 11. Bf4 Bd5 12. e3 Nc6 13. a3 e6 14. Ne2 Bd6 15.
Bxd6 Qxd6 16. Nf4 O-O 17. Be2 Rac8 18. O-O Ne7 19. Rxc8 Rxc8 20. Rc1 Rxc1+ 21.
Qxc1 a5 22. Nxd5 exd5 23. Qc5 Qxc5 24. dxc5 Kf7 25. b4 Nc6 26. b5 Ne5 27. f4
exf3 28. gxf3 Ke6 29. Kf2 Nd7 30. c6 bxc6 31. bxc6 Ne5 32. c7 Kd7 33. f4 Nc4
34. c8=Q+ Kxc8 35. Bf3 Nxa3 36. Bxd5 Nb5 37. e4 a4 38. Ke3 Kd7 39. Bg8 h6 40.
e5 fxe5 41. fxe5 Na7 42. Bc4 Nc6 43. Kd2 Ke7 44. Kc3 Nxe5 45. Be2 Kf6 46. Bb5
a3 47. Kb3 Nf3 48. Kxa3 Nxh2 49. Kb3 h5 50. Kc3 g5 51. Kd2 Ng4 52. Ba6 h4 53.
Ke1 Ne5 54. Kf2 g4 0-1

[Event "MCRE_PF18"]
[Site "?"]
[Date "2004.??.??"]
[Round "?"]
[White "Houska, Jiri"]
[Black "Glembek, Bohumir"]
[Result "1/2-1/2"]
[WhiteElo "2200"]
[BlackElo "2120"]
[PlyCount "85"]
[EventDate "2004.??.??"]
[EventType "corr"]
[EventRounds "2"]
[SourceDate "2005.03.12"]

1. d4 Nf6 2. c4 g6 3. Nc3 d5 4. Nf3 Bg7 5. Qb3 dxc4 6. Qxc4 O-O 7. e4 Na6 8.
Be2 c5 9. d5 e6 10. O-O exd5 11. exd5 Re8 12. Bf4 b6 13. a3 Nc7 14. d6 Ne6 15.
Be5 Bb7 16. Rad1 a6 17. a4 h6 18. Rfe1 Nf8 19. h3 Re6 20. Qb3 Ne8 21. Bc4 Bxf3
22. Bxe6 Nxe6 23. gxf3 Nd4 24. Bxd4 cxd4 25. Nd5 Qg5+ 26. Kh2 Nxd6 27. f4 Qh5
28. Ne7+ Kh7 29. Nc6 Rc8 30. Nxd4 Qc5 31. Qd3 Nc4 32. Qc3 Rd8 33. b3 b5 34. Re4
Qd5 35. Qc2 Nb2 36. Rd2 bxa4 37. bxa4 Rc8 38. Ne2 Qf5 39. Qb1 Nc4 40. Ra2 Qd5
41. Re7 Qc5 42. Qb7 Nd6 43. Qf3 1/2-1/2

[Event "MCRE_PF18"]
[Site "?"]
[Date "2004.??.??"]
[Round "?"]
[White "Houska, Jiri"]
[Black "Koci, Vladimir"]
[Result "1-0"]
[WhiteElo "2200"]
[BlackElo "2270"]
[PlyCount "69"]
[EventDate "2004.??.??"]
[EventType "corr"]
[EventRounds "2"]
[SourceDate "2005.03.12"]

1. d4 g6 2. e4 Bg7 3. Nc3 e6 4. Be3 Ne7 5. Qd2 d5 6. e5 c5 7. dxc5 Nbc6 8. Nf3
Nxe5 9. Nxe5 Bxe5 10. O-O-O O-O 11. h4 Qa5 12. h5 Bxc3 13. bxc3 Qa3+ 14. Kb1 b6
15. c6 e5 16. Bh6 Re8 17. Bg5 Bg4 18. f3 Be6 19. Bf6 Nf5 20. Bxe5 Ne3 21. hxg6
fxg6 22. Bd4 Nxd1 23. Qxd1 Re7 24. Bd3 Rae8 25. Qd2 Bc8 26. g4 Qa4 27. Kb2 Qxc6
28. Qg5 Kf8 29. a4 Bd7 30. Rh6 Rf7 31. Bxg6 Qxg6 32. Rxg6 hxg6 33. Qxg6 Re6 34.
Qh5 Rxf3 35. g5 1-0

[Event "MCRE_PF18"]
[Site "?"]
[Date "2004.??.??"]
[Round "?"]
[White "Houska, Jiri"]
[Black "Kohler, Josef"]
[Result "1/2-1/2"]
[WhiteElo "2200"]
[BlackElo "2253"]
[PlyCount "105"]
[EventDate "2004.??.??"]
[EventType "corr"]
[EventRounds "2"]
[SourceDate "2005.03.12"]

1. d4 Nf6 2. c4 e6 3. Nf3 b6 4. g3 Ba6 5. Qa4 Bb7 6. Bg2 c5 7. dxc5 bxc5 8. O-O
Be7 9. Nc3 O-O 10. Rd1 Qb6 11. Bf4 d6 12. Rd2 Nc6 13. Ne1 Nd4 14. Bxb7 Qxb7 15.
e3 Nf5 16. Bg5 Rfd8 17. Rad1 Ng4 18. Bxe7 Qxe7 19. Nf3 Qb7 20. e4 Nd4 21. Nxd4
cxd4 22. Qb5 Qc7 23. Rxd4 Ne5 24. Kg2 Rdb8 25. Qa6 Rb6 26. Nb5 Qc6 27. Qa4 a6
28. Nc3 Qc5 29. Qc2 Nxc4 30. b3 Ne5 31. Qd2 Rc6 32. Na4 Qc2 33. Qxc2 Rxc2 34.
Rxd6 g5 35. R1d2 Rac8 36. f4 gxf4 37. gxf4 Ng4 38. e5 h5 39. R6d3 Kh7 40. a3
Kg6 41. h3 Ne3+ 42. Kf3 Nd5 43. Ke4 Rc1 44. f5+ Kg5 45. fxe6 fxe6 46. Rd1 Rxd1
47. Rxd1 Rf8 48. Kd4 Rf3 49. Rd3 Rxd3+ 50. Kxd3 Kf5 51. Nc5 Nf4+ 52. Ke3 Nxh3
53. Nxa6 1/2-1/2

[Event "MCRE_PF18"]
[Site "?"]
[Date "2004.??.??"]
[Round "?"]
[White "Houska, Jiri"]
[Black "Splichal, Josef"]
[Result "1/2-1/2"]
[WhiteElo "2200"]
[BlackElo "2279"]
[PlyCount "97"]
[EventDate "2004.??.??"]
[EventType "corr"]
[EventRounds "2"]
[SourceDate "2005.03.12"]

1. d4 Nf6 2. c4 c5 3. d5 e6 4. Nc3 exd5 5. cxd5 d6 6. Nf3 g6 7. g3 Bg7 8. Bg2
O-O 9. O-O Nbd7 10. Nd2 a6 11. a4 Re8 12. h3 Rb8 13. Nc4 Nb6 14. Na3 Bd7 15. a5
Nc8 16. Nc4 b5 17. axb6 Bb5 18. Na5 Qxb6 19. Nc6 Rb7 20. Re1 Nd7 21. Bf4 Ne5
22. Nxe5 Bxe5 23. Bxe5 Rxe5 24. e4 Re8 25. f4 f6 26. Re3 Bd7 27. Qf3 Na7 28. e5
fxe5 29. fxe5 Rf8 30. Qe2 Nb5 31. Nxb5 Bxb5 32. Qe1 dxe5 33. Rxe5 Bd3 34. d6
c4+ 35. Kh1 Qxd6 36. Bd5+ Kh8 37. Bxb7 Rf1+ 38. Qxf1 Bxf1 39. Re8+ Kg7 40. Rxf1
Qd7 41. Re2 Qxb7+ 42. Kh2 h5 43. h4 Kh6 44. Rc1 Qf3 45. Rg2 Qg4 46. Rc3 g5 47.
hxg5+ Kxg5 48. Rgc2 h4 49. gxh4+ 1/2-1/2

[Event "MCRE_PF18"]
[Site "?"]
[Date "2004.??.??"]
[Round "?"]
[White "Houska, Jiri"]
[Black "Thoma, Otomar"]
[Result "0-1"]
[WhiteElo "2200"]
[BlackElo "2273"]
[PlyCount "76"]
[EventDate "2004.??.??"]
[EventType "corr"]
[EventRounds "2"]
[SourceDate "2005.03.12"]

1. d4 Nf6 2. c4 e6 3. Nf3 d5 4. Nc3 Be7 5. Bg5 h6 6. Bh4 O-O 7. e3 b6 8. Qc2
Bb7 9. Bxf6 Bxf6 10. cxd5 exd5 11. g4 c5 12. O-O-O cxd4 13. exd4 Nc6 14. h4 g6
15. g5 hxg5 16. hxg5 Bxg5+ 17. Kb1 Kg7 18. a3 Bf6 19. Rg1 Rh8 20. Bd3 Rh6 21.
Ne2 Qd6 22. Qd2 Re8 23. Nf4 Bc8 24. Ka2 a5 25. Rg2 Nxd4 26. Nxg6 Nxf3 27. Ne5+
Ng5 28. Nf3 d4 29. Rdg1 Bb7 30. Rxg5+ Bxg5 31. Qxg5+ Kf8 32. Qg7+ Ke7 33. Nxd4
Kd8 34. Rd1 Bd5+ 35. Ka1 Rh1 36. Rxh1 Bxh1 37. f3 Bxf3 38. Bc4 f6 0-1

[Event "MCRE_PF18"]
[Site "?"]
[Date "2004.??.??"]
[Round "?"]
[White "Houska, Jiri"]
[Black "Toman, Antonin"]
[Result "0-1"]
[WhiteElo "2200"]
[BlackElo "2199"]
[PlyCount "48"]
[EventDate "2004.??.??"]
[EventType "corr"]
[EventRounds "2"]
[SourceDate "2005.03.12"]

1. d4 d5 2. e4 dxe4 3. Nc3 Nf6 4. f3 exf3 5. Nxf3 c6 6. Bc4 Bf5 7. O-O e6 8.
Ng5 Bxc2 9. Qe2 Bg6 10. Bxe6 Be7 11. Bf5 Bxf5 12. Rxf5 O-O 13. Be3 Nbd7 14.
Raf1 Bd6 15. Qf3 Qe7 16. Bd2 Rfe8 17. Qh3 h6 18. Re1 Qxe1+ 19. Bxe1 Rxe1+ 20.
Kf2 Rae8 21. Nf3 Rc1 22. Ne5 Rc2+ 23. Kf3 Bxe5 24. dxe5 Nxe5+ 0-1

[Event "MCRE_PF18"]
[Site "?"]
[Date "2004.??.??"]
[Round "?"]
[White "Houska, Jiri"]
[Black "Zahour, Jiri"]
[Result "0-1"]
[WhiteElo "2200"]
[BlackElo "2212"]
[PlyCount "113"]
[EventDate "2004.??.??"]
[EventType "corr"]
[EventRounds "2"]
[SourceDate "2005.03.12"]

1. d4 d5 2. e4 dxe4 3. Nc3 Nf6 4. f3 exf3 5. Nxf3 Bg4 6. h3 Bh5 7. g4 Bg6 8.
Ne5 Nbd7 9. Nxg6 hxg6 10. g5 Nh5 11. Qf3 e6 12. Bg2 Be7 13. h4 c6 14. Bd2 Nb6
15. Ne2 Nc4 16. O-O-O Nxd2 17. Rxd2 Qd5 18. Qxd5 cxd5 19. c4 Rc8 20. c5 b6 21.
b4 Kd7 22. Rh3 f6 23. Re3 Bd6 24. Bh3 f5 25. Rf3 bxc5 26. dxc5 Bc7 27. a4 Ng3
28. Nxg3 Rxh4 29. Bf1 Bf4 30. Rxf4 Rxf4 31. Ba6 Rc6 32. Bb5 Rxb4 33. Bxc6+ Kxc6
34. Re2 Kd7 35. c6+ Kd6 36. Rc2 Rc4 37. Rxc4 dxc4 38. Kd2 Kxc6 39. Kc3 Kd5 40.
Nf1 Ke5 41. Kxc4 Kf4 42. Kb5 Kf3 43. Ka6 Ke2 44. Ng3+ Kf2 45. Nh1+ Kg2 46. Kxa7
Kxh1 47. a5 f4 48. a6 f3 49. Kb6 f2 50. a7 f1=Q 51. a8=Q+ Kh2 52. Qh8+ Kg3 53.
Qxg7 Qf5 54. Qc3+ Kh4 55. Qd2 e5 56. Kc5 Qc8+ 57. Kb6 0-1

[Event "MCRE_PF18"]
[Site "?"]
[Date "2004.??.??"]
[Round "?"]
[White "Koci, Vladimir"]
[Black "Glembek, Bohumir"]
[Result "1-0"]
[WhiteElo "2270"]
[BlackElo "2120"]
[PlyCount "41"]
[EventDate "2004.??.??"]
[EventType "corr"]
[EventRounds "2"]
[SourceDate "2005.03.12"]

1. d4 d5 2. Nf3 Nf6 3. Bf4 g6 4. e3 Bg7 5. Nbd2 O-O 6. c3 c6 7. Bd3 Nh5 8. Bg5
Bf6 9. h4 Bg7 10. Rg1 c5 11. g4 Nf6 12. Bxf6 Bxf6 13. g5 Bg7 14. dxc5 Qc7 15.
h5 Nd7 16. Nb3 a5 17. a4 Nxc5 18. Nxc5 Qxc5 19. Nd2 Qd6 20. Rh1 Bg4 21. Qxg4
1-0

[Event "MCRE_PF18"]
[Site "?"]
[Date "2004.??.??"]
[Round "?"]
[White "Koci, Vladimir"]
[Black "Houska, Jiri"]
[Result "0-1"]
[WhiteElo "2270"]
[BlackElo "2200"]
[PlyCount "128"]
[EventDate "2004.??.??"]
[EventType "corr"]
[EventRounds "2"]
[SourceDate "2005.03.12"]

1. d4 Nf6 2. Nf3 c5 3. d5 b5 4. Bg5 Ne4 5. Bh4 Bb7 6. e3 g6 7. c3 Qa5 8. Qd3 f5
9. Nbd2 Nxd2 10. Nxd2 Bg7 11. Nb3 Qb6 12. Qxb5 Qxb5 13. Bxb5 Bxd5 14. Nxc5 Bxg2
15. Rg1 Bc6 16. Bc4 d5 17. Bb3 Nd7 18. Ne6 Be5 19. O-O-O Bxh2 20. Rh1 Bd6 21.
Bxd5 Bxd5 22. Rxd5 Kf7 23. Ng5+ Ke8 24. Nf3 Nb6 25. Ra5 Kf7 26. b3 Nd7 27. c4
h6 28. a3 Rhc8 29. Kb2 Rc5 30. Rxc5 Nxc5 31. Nd4 a5 32. Nb5 Be5+ 33. Kc2 g5 34.
Bg3 Bxg3 35. fxg3 Ne4 36. Rxh6 Nxg3 37. Nc7 Ra7 38. Ne6 g4 39. c5 Ne4 40. c6 g3
41. Nf4 Rc7 42. Kd3 Nf6 43. Ne2 g2 44. Rh2 Ne4 45. Rxg2 Rxc6 46. b4 a4 47. Kd4
Kf6 48. Kd3 e5 49. Rg8 Rd6+ 50. Kc4 Rd2 51. Ng1 Ra2 52. Kd5 Nc3+ 53. Kc6 Rxa3
54. b5 Ne4 55. b6 Rc3+ 56. Kb5 a3 57. b7 a2 58. Ra8 Rc1 59. Ra6+ Ke7 60. Rxa2
Rxg1 61. Rb2 Nd6+ 62. Kc5 Nxb7+ 63. Rxb7+ Kf6 64. Rb6+ Kg5 0-1

[Event "MCRE_PF18"]
[Site "?"]
[Date "2004.??.??"]
[Round "?"]
[White "Koci, Vladimir"]
[Black "Kohler, Josef"]
[Result "1-0"]
[WhiteElo "2270"]
[BlackElo "2253"]
[PlyCount "69"]
[EventDate "2004.??.??"]
[EventType "corr"]
[EventRounds "2"]
[SourceDate "2005.03.12"]

1. d4 Nf6 2. Nf3 g6 3. Bf4 Bg7 4. e3 O-O 5. Nbd2 d6 6. c3 Nbd7 7. Be2 Nh5 8.
Bg5 h6 9. Bh4 Nb6 10. Qc2 Bf5 11. Bd3 Bxd3 12. Qxd3 Qd7 13. O-O-O g5 14. g4
Qxg4 15. Rdg1 Qd7 16. Bxg5 hxg5 17. Rxg5 Nf6 18. Rhg1 Ne8 19. h4 c5 20. h5 Qe6
21. d5 Qh6 22. Nh4 Kh8 23. Nf5 Qh7 24. h6 Bf6 25. Rh5 e6 26. dxe6 fxe6 27. Rg7
Qxf5 28. Rxf5 exf5 29. Rxb7 Bg5 30. Nf3 Bxh6 31. Nh4 Rf6 32. Nxf5 Ng7 33. Nxd6
Raf8 34. Ne4 c4 35. Qd4 1-0

[Event "MCRE_PF18"]
[Site "?"]
[Date "2004.??.??"]
[Round "?"]
[White "Koci, Vladimir"]
[Black "Splichal, Josef"]
[Result "0-1"]
[WhiteElo "2270"]
[BlackElo "2279"]
[PlyCount "76"]
[EventDate "2004.??.??"]
[EventType "corr"]
[EventRounds "2"]
[SourceDate "2005.03.12"]

1. d4 Nf6 2. Nf3 c5 3. d5 d6 4. c4 e6 5. Nc3 exd5 6. cxd5 g6 7. e4 Bg7 8. Bf4
O-O 9. Bd3 a6 10. a4 Bg4 11. h3 Bxf3 12. Qxf3 Qb6 13. O-O Nbd7 14. Qe2 Nh5 15.
Bh2 Bd4 16. a5 Qc7 17. Qc2 Rfe8 18. Ne2 Bg7 19. g4 Nhf6 20. Ng3 c4 21. g5 Nc5
22. Qxc4 Nfd7 23. Qc2 Qd8 24. f4 Rc8 25. Bc4 b5 26. axb6 Nxb6 27. Bd3 Nxe4 28.
Qg2 Nc5 29. Bxa6 Nxa6 30. Rxa6 Rb8 31. Kh1 Nc4 32. Rf2 Ne3 33. Qf3 Qc8 34. Ra3
Nc2 35. Ra4 Bd4 36. Rxd4 Re1+ 37. Bg1 Nxd4 38. Qg2 Rb3 0-1

[Event "MCRE_PF18"]
[Site "?"]
[Date "2004.??.??"]
[Round "?"]
[White "Koci, Vladimir"]
[Black "Thoma, Otomar"]
[Result "1/2-1/2"]
[WhiteElo "2270"]
[BlackElo "2273"]
[PlyCount "131"]
[EventDate "2004.??.??"]
[EventType "corr"]
[EventRounds "2"]
[SourceDate "2005.03.12"]

1. d4 Nf6 2. Nf3 g6 3. Bf4 Bg7 4. e3 d6 5. Nbd2 O-O 6. Be2 Nbd7 7. h3 Re8 8. c3
e5 9. dxe5 dxe5 10. Bg5 b6 11. Qc2 Bb7 12. O-O Qe7 13. Rad1 Rad8 14. e4 Nc5 15.
Bb5 c6 16. Be2 Ne6 17. Be3 Nf4 18. Bxf4 exf4 19. Rfe1 Qc7 20. Bc4 Nd7 21. Bf1
c5 22. Bc4 Re7 23. Bd5 Ba6 24. Qa4 Qc8 25. Bc4 Bxc4 26. Nxc4 a6 27. Nd6 Qc7 28.
Nc4 b5 29. Qa5 Rc8 30. Qxc7 Rxc7 31. Na3 b4 32. Nb1 a5 33. Rd6 Re6 34. Red1
Rxd6 35. Rxd6 a4 36. a3 Rb7 37. Nfd2 bxa3 38. bxa3 Kf8 39. f3 Ke7 40. Ra6 Nb6
41. Ra5 Kd6 42. Rb5 Kc6 43. Rb2 f5 44. Kf2 fxe4 45. Nxe4 Rd7 46. Ke2 Be5 47.
Rd2 Rxd2+ 48. Nbxd2 c4 49. Kf2 Kb5 50. Nb1 Nd5 51. Ke1 Ne3 52. Kf2 Bg7 53. g4
Bf8 54. Ke2 Nc2 55. Kd1 Nxa3 56. Nxa3+ Bxa3 57. Kc2 h6 58. Kb1 Be7 59. Ka2 Kc6
60. Kb2 g5 61. Ka2 Kd5 62. Kb2 Bf8 63. Nf6+ Ke6 64. Ne4 a3+ 65. Ka2 Kd5 66.
Nf6+ 1/2-1/2

[Event "MCRE_PF18"]
[Site "?"]
[Date "2004.??.??"]
[Round "?"]
[White "Koci, Vladimir"]
[Black "Toman, Antonin"]
[Result "1/2-1/2"]
[WhiteElo "2270"]
[BlackElo "2199"]
[PlyCount "85"]
[EventDate "2004.??.??"]
[EventType "corr"]
[EventRounds "2"]
[SourceDate "2005.03.12"]

1. d4 d5 2. Nf3 Nf6 3. Bf4 c5 4. e3 Nc6 5. c3 Qb6 6. Qb3 c4 7. Qxb6 axb6 8. Be2
Bf5 9. O-O b5 10. Na3 Rxa3 11. bxa3 Ne4 12. Rfc1 e6 13. Nh4 g5 14. Be5 f6 15.
Nxf5 fxe5 16. f3 Nxc3 17. Rxc3 exf5 18. dxe5 b4 19. axb4 Bxb4 20. Rcc1 Bc5 21.
Rc3 Ke7 22. Kf1 b5 23. a3 Ra8 24. Rb1 Ra5 25. f4 Bxa3 26. Rc2 Ke6 27. Rd2 Bc5
28. e4 Nb4 29. Rxb4 Ra1+ 30. Rd1 Rxd1+ 31. Bxd1 Bxb4 32. exd5+ Kxd5 33. fxg5
Kxe5 34. g4 fxg4 35. Bxg4 Be7 36. h4 b4 37. Ke2 b3 38. Kd2 Kd4 39. Bf5 c3+ 40.
Kd1 c2+ 41. Bxc2 bxc2+ 42. Kxc2 Ke4 43. Kd2 1/2-1/2

[Event "MCRE_PF18"]
[Site "?"]
[Date "2004.??.??"]
[Round "?"]
[White "Koci, Vladimir"]
[Black "Zahour, Jiri"]
[Result "0-1"]
[WhiteElo "2270"]
[BlackElo "2212"]
[PlyCount "114"]
[EventDate "2004.??.??"]
[EventType "corr"]
[EventRounds "2"]
[SourceDate "2005.03.12"]

1. d4 d5 2. Nf3 Nf6 3. Bf4 c5 4. e3 Qb6 5. Nc3 c4 6. Rb1 e6 7. a3 Bd6 8. Ne5
Qc7 9. Be2 a6 10. Bg3 O-O 11. f4 Nc6 12. O-O Ne7 13. Bf3 b5 14. b4 cxb3 15.
Rxb3 Nf5 16. Bf2 Bb7 17. g4 Ne7 18. Qd3 Nd7 19. Bg2 Nb6 20. g5 Nc6 21. Nxc6
Bxc6 22. Bg3 Rfd8 23. Ne2 b4 24. axb4 Ba4 25. Rc3 Bb5 26. Qxb5 axb5 27. Rxc7
Bxc7 28. Nc3 Bd6 29. Nxb5 Bxb4 30. c3 Be7 31. f5 Ra5 32. Rb1 Bxg5 33. fxe6
Bxe3+ 34. Kh1 fxe6 35. Bc7 Rda8 36. Bh3 Ra1 37. Rxa1 Rxa1+ 38. Kg2 Kh8 39. Bxb6
Rb1 40. Bxe6 Rxb5 41. Bc5 Rb3 42. Bb4 Bxd4 43. Bxd5 Rb2+ 44. Kf3 g5 45. cxd4
Rxb4 46. Ke4 Kg7 47. h3 h5 48. Ke5 g4 49. hxg4 h4 50. Bg2 Rb3 51. Bc6 h3 52. d5
Rb6 53. d6 Rxc6 54. d7 h2 55. d8=Q h1=Q 56. Qd7+ Kh6 57. Qd2+ Kh7 0-1

[Event "MCRE_PF18"]
[Site "?"]
[Date "2004.??.??"]
[Round "?"]
[White "Kohler, Josef"]
[Black "Glembek, Bohumir"]
[Result "1-0"]
[WhiteElo "2253"]
[BlackElo "2120"]
[PlyCount "89"]
[EventDate "2004.??.??"]
[EventType "corr"]
[EventRounds "2"]
[SourceDate "2005.03.12"]

1. c4 Nf6 2. Nc3 g6 3. Nf3 Bg7 4. d4 d6 5. e4 O-O 6. Be2 Nbd7 7. O-O c6 8. Re1
a6 9. Bf4 Qa5 10. Be3 e5 11. d5 Ng4 12. Bg5 Qb6 13. Rf1 c5 14. Rb1 h6 15. Bc1
Qd8 16. Ne1 Ngf6 17. Qd3 Kh7 18. Qg3 Ne8 19. Nc2 Nc7 20. a3 f5 21. exf5 gxf5
22. Bd2 b5 23. b3 Nb6 24. Rfe1 Rb8 25. f4 e4 26. Nd1 Bf6 27. Qh3 Bd7 28. Nde3
Bg7 29. Kh1 Qf6 30. Nf1 Qf7 31. Bh5 Qe7 32. Nce3 Bd4 33. a4 Rbd8 34. a5 Nc8 35.
Red1 Qg7 36. Nc2 Bf6 37. Be2 b4 38. Ng3 Bb2 39. Nh5 Qh8 40. g4 Bc3 41. g5 Bxd2
42. Rxd2 Qc3 43. Ng3 Rh8 44. Rg1 Rde8 45. Nd4 1-0

[Event "MCRE_PF18"]
[Site "?"]
[Date "2004.??.??"]
[Round "?"]
[White "Kohler, Josef"]
[Black "Houska, Jiri"]
[Result "1/2-1/2"]
[WhiteElo "2253"]
[BlackElo "2200"]
[PlyCount "86"]
[EventDate "2004.??.??"]
[EventType "corr"]
[EventRounds "2"]
[SourceDate "2005.03.12"]

1. c4 g6 2. Nc3 Bg7 3. d4 Nf6 4. Nf3 O-O 5. e4 d6 6. Be2 e5 7. O-O Nc6 8. d5
Ne7 9. b4 a5 10. Ba3 axb4 11. Bxb4 Nd7 12. a4 Bh6 13. a5 f5 14. Nd2 Nf6 15. c5
Bxd2 16. Qxd2 fxe4 17. cxd6 cxd6 18. Nb5 Nf5 19. Ra3 b6 20. g4 Nh4 21. Bxd6
Bxg4 22. Bxf8 Qxf8 23. d6 Bxe2 24. Qxe2 Nf3+ 25. Kh1 Qc8 26. Nc7 Qh3 27. Rxf3
exf3 28. Qc4+ Kh8 29. Rg1 b5 30. Qb4 Rd8 31. d7 Qxd7 32. Nxb5 Qc6 33. Nc3 e4
34. Nd1 Qd6 35. Qb2 Qd4 36. a6 Qxb2 37. Nxb2 Ra8 38. Ra1 Nd5 39. Nc4 Nb4 40.
Nd2 Rxa6 41. Rxa6 Nxa6 42. Nxe4 Nb4 43. h4 Nc2 1/2-1/2